[Event "Olympiad-34"]
[Site "Istanbul"]
[Date "2000.11.04"]
[Round "7.4"]
[White "Asrian, Karen"]
[Black "Pedersen, Steffen"]
[Result "1-0"]
[WhiteElo "2566"]
[BlackElo "2464"]
[Annotator "Finkel,A"]
[PlyCount "81"]
[EventDate "2000.10.28"]
[EventType "team-swiss"]
[EventRounds "14"]
[EventCountry "TUR"]
[SourceTitle "EXT 2001"]
[Source "ChessBase"]
[SourceDate "2000.11.22"]
[SourceVersion "1"]
[SourceVersionDate "2000.11.22"]
[SourceQuality "1"]
[WhiteTeam "Armenia"]
[BlackTeam "Denmark"]
[WhiteTeamCountry "ARM"]
[BlackTeamCountry "DEN"]

1. e4 e6 2. d4 d5 3. Nd2 dxe4 4. Nxe4 Nd7 5. Nf3 (5. Bd3 Ngf6 6. Nf3 Nxe4 7.
Bxe4 Nf6 8. Bd3 c5 9. O-O cxd4 10. Nxd4 Bc5 11. c3 Bd7 12. Be3 Qc7 13. Re1
O-O-O $13 {Gomez Esteban,J-Kortschnoj,V/Leon 1994}) 5... Ngf6 6. Nxf6+ Nxf6 7.
Bd3 c5 8. O-O cxd4 9. Nxd4 Bc5 10. Be3 (10. Nb3 Bd6 11. Bg5 Qc7 (11... h6 12.
Bh4 Qc7 13. Bg3 $5 Bxg3 14. hxg3 O-O 15. Qe2 e5 $1 16. Nd2 Bg4 17. f3 Bd7 $11 {
Suetin,A-Speelman,J/London Lloyds 1991}) (11... Bd7 12. Qe2 Qc7 13. Kh1 Be5 14.
c3 h6 15. Bd2 Bf4 16. Rad1 O-O $11 {Nielsen,P-Pushkov,N/Azov 1993}) 12. g3 h6
13. Bxf6 gxf6 14. Qf3 Bd7 15. Qxf6 Be5 16. Qh4 Bxb2 17. Rad1 Bc6 18. Be4 Bxe4
19. Qxe4 O-O 20. c4 $13 {Zarnicki,P-Pereyra Arcija,D/ch-ARG, Saenz Pena City
1996}) (10. c3 O-O 11. Bg5 (11. Bf4 Bxd4 12. cxd4 Bd7 13. Rc1 Bc6 14. Be5 Nd7
15. Qc2 h6 16. Bf4 {1/2-1/2 Payen Arnaud-Dolgener Tobias/It (b) (cat.3),
Budapest (Hungary) 1995}) 11... h6 12. Bh4 Bxd4 13. cxd4 Bd7 14. Re1 Bc6 15.
Re5 (15. Bc2 Qd5 16. f3 Rad8 17. Bxf6 gxf6 18. Re4 f5 19. Rh4 Kg7 20. Qd2 Rh8
$13) 15... Qe7 16. Bc2 Rfd8 17. Qd3 $13 {Arencibia,W-Nogueiras,J/Capablanca
Elite, Havana CUB 1997}) (10. Nb5 a6 11. Nc3 Bd7 12. Qe2 Bc6 13. Bg5 h6 14.
Bxf6 Qxf6 15. Ne4 Qe7 16. Nxc5 Qxc5 $11 {1/2-1/2 Zaitsev,I-Pushkov,N/RUS-chT
Podolsk 1992}) 10... Qe7 $5 (10... Bb6 11. Bb5+ (11. c3 O-O (11... e5 $5 $146
12. Nc2 (12. Bb5+ Bd7 13. Nf5 Bxb5 14. Bxb6 Qxb6 15. Qd6 Qxd6 16. Nxd6+ Ke7 17.
Nxb5 $11) 12... O-O 13. Bg5 (13. Re1 Ng4 14. Bxb6 Qxb6 15. Qf3 Rd8 16. Bc4 $14)
13... h6 14. Bh4 Bg4 $11 {Korneev,O-Morozevich,A/RUS-ch m1-2 1997}) 12. Re1 Re8
13. Nb5 Bxe3 14. Rxe3 Qe7 15. Qf3 a6 16. Nd4 $14 {Beliavsky,A-Ehlvest,J/Erevan
olm 1996}) (11. Qd2 O-O 12. Nf3 Bxe3 13. Qxe3 b6 14. Ne5 Bb7 15. c4 Qe7 16. a3
Rfd8 $11 {Ljubojevic,L-Seirawan,Y/Monaco Amber blind 1994}) 11... Bd7 12. Qe2
O-O 13. Rad1 Nd5 14. Bxd7 Qxd7 15. Bc1 Rfe8 16. c4 Nf6 17. Bg5 Bxd4 18. Bxf6 e5
19. Bg5 {1/2-1/2 Nadyrhanov,S-Supatashvili,K/Cherkessk 1997}) 11. c3 O-O 12.
Qf3 (12. Re1 $5 e5 (12... Nd5 13. Qh5 h6 14. Bxh6 gxh6 15. Qxh6 f6 16. Nxe6
Bxe6 17. Rxe6 Qg7 18. Qh4 $14) 13. Bf4 (13. Bg5 Rd8 14. Qc2 h6 $11) 13... Bd6
14. Qc2 Re8 15. Nf5 Bxf5 16. Bxf5 $14) 12... Nd5 13. Bd2 Bxd4 14. cxd4 Bd7 $11
{The position is equal,but still full of life and white manages to create very
nice example of positional play, of coarse with some help of black.} 15. Rfe1 (
15. Qe4 $5) 15... Bc6 16. Qg4 Rae8 $6 (16... Rfe8 17. Bh6 Qf8 18. Rac1 Rad8 19.
Bg5 Rd7 20. Qe4 g6 $13) 17. Qg3 $5 f5 $6 {There was no need to weaken the
position with f5.} (17... Qf6 18. Re4 $36 {[%cal Ge4h4]}) 18. Re5 Qc7 19. Rae1
Qd7 (19... Qb6 20. Bc3 $1) 20. Qh4 Bb5 21. Bc2 $1 {White should keep the
bishops on the board.} Nb6 22. b3 Bc6 (22... Rc8 23. Bb1 Rfe8) 23. Bd3 Nd5 24.
f3 b5 $6 25. Qf2 Nf6 26. Kh1 $6 (26. Bf1 $1) 26... Bd5 $6 (26... Ne4 $1 27.
Bxe4 (27. Qe3 Nxd2 28. Qxd2 Qxd4 29. Rxe6 Rxe6 30. Rxe6 Qd7 (30... Rd8 $5) 31.
Re1 Rd8 32. Qc2 $11) 27... fxe4 28. f4 Rf5 29. Rc1 $14) 27. Bb4 Rf7 28. Qe2 Rb8
(28... a6 $2 29. Bxf5 $18 {[%cal Ge5e8,Ge2e6]}) 29. Qd2 h6 (29... Qb7) 30. Bf1
a6 31. Rc1 Qb7 (31... Rc8 32. Ree1 (32. Rc5 Qb7 33. Re1 Rfc7 34. Rec1 Rc6 $14)
32... Qb7 33. Rxc8+ Qxc8 34. Bd6 $1 $14 {[%cal Ge1c1,Gc1c5,Gd2c3]}) 32. Ree1
Rd8 $6 {Black underestimates the importance of c-file.} (32... Rc7 $1) 33. Ba5
Re8 34. Rc5 Rd7 35. Rec1 $16 e5 $2 {Suicide.} 36. Rc7 Rxc7 37. Rxc7 Qb8 (37...
Qa8 38. dxe5 Rxe5 39. Bc3 Re6 40. Bxf6 Rxf6 41. Rd7 $1 $18) 38. dxe5 Rxe5 39.
Rc5 Qf8 (39... Qe8 40. Bc3 $18) 40. Qd4 $1 Qd6 (40... Qe8 41. Bc3 $18) 41. Bc7
1-0

[Event "Mitropa Cup 21st"]
[Site "Leipzig"]
[Date "2002.05.04"]
[Round "2.2"]
[White "Jenni, Florian"]
[Black "Priehoda, Vitezslav"]
[Result "1-0"]
[WhiteElo "2508"]
[BlackElo "2425"]
[Annotator "Finkel,A"]
[PlyCount "59"]
[EventDate "2002.05.03"]
[EventType "team-tourn"]
[EventRounds "9"]
[EventCountry "GER"]
[SourceTitle "CBM 089"]
[Source "ChessBase"]
[SourceDate "2002.08.12"]
[SourceVersion "1"]
[SourceVersionDate "2002.08.12"]
[SourceQuality "1"]
[WhiteTeam "Switzerland"]
[BlackTeam "Slovakia"]
[WhiteTeamCountry "SUI"]
[BlackTeamCountry "SVK"]

1. e4 e6 2. d4 d5 3. Nc3 dxe4 4. Nxe4 Bd7 5. Nf3 Bc6 6. Bd3 Nd7 7. O-O Ngf6 8.
Ng3 Be7 9. Re1 O-O 10. c4 (10. Qe2 Bxf3 11. Qxf3 c5 12. dxc5 Nxc5 13. Be2 a5
14. c3 Qb6 15. Rb1 Rfd8 16. Bc4 Qc7 $13 {Tseshkovsky,V-Anastasian,A/Moscow 1989
}) (10. c3 b6 11. Bc2 a6 12. Qd3 Re8 13. Bf4 Nf8 14. Rad1 Bb7 15. Bb3 Ng6 16.
Bc1 c5 $11 {Larrosa Vila,J-Hoffman,A/Pontevedra 1992}) 10... Bxf3 (10... b6 11.
Qe2 Re8 12. Bg5 (12. Bd2 a5 13. a3 a4 14. Bc3 Qc8 15. Ne5 Nxe5 16. dxe5 Nd7 17.
Qg4 $14 {Fedorowicz,J-Lein,A/St Martin 1993}) 12... Bb7 13. Rad1 c6 14. Bb1 Qc7
15. Ne5 Rad8 16. Qc2 Nf8 17. a3 a5 18. h4 $14 {Ivanisevic,I-Jacimovic,P/
Cetinje 1992}) 11. Qxf3 c6 (11... c5 12. d5 exd5 13. Nf5 Re8 14. cxd5 Nb6 15.
Bb5 Nfd7 16. Bd2 $16 {Arakhamia Grant,K-Rice,C/London 1993}) 12. Bf4 {White's
idea in this variation is to launch an attack on the kingside preventing black
from playing c5.} (12. b3 Qa5 (12... Re8 13. Bb2 Nf8 14. Rad1 Qa5 15. Bb1 Rad8
16. h4 Bd6 17. Ne4 Nxe4 18. Rxe4 $14 {Perez,R-Garcia Gonzalez,F/Santa Clara
2000}) 13. Bb2 Ba3 14. Bc3 Bb4 15. Bxb4 Qxb4 16. Rad1 Rfd8 17. Ne4 Nxe4 18.
Rxe4 Nf6 $11 {Astrom,G-Lyrberg,P/Stockholm 1992}) 12... Re8 13. Rad1 Nf8 14. h4
$5 Bd6 $6 {Black played this game without a plan that's why white's win looks
an easy one.} (14... Qb6 15. Re2 Rad8 16. Be3 c5 $6 17. dxc5 Bxc5 18. Bxc5 Qxc5
19. Qxb7 $16) 15. Bg5 N8d7 16. Bb1 h6 $6 {[%csl Rh6] it's better not to weaken
a position of the king with h6.} 17. Bd2 a5 {[%cal Gd6b4]} 18. a3 Nf8 (18... a4
19. Bc3 Qc7 {[%cal Ge6e5]} 20. Nf1 e5 $5 21. c5 $1 Be7 (21... Bf8 $2 22. dxe5
Nd5 23. Qd3 $18) 22. dxe5 Nd5 23. e6 fxe6 24. Qe4 $14 {[%csl Re6,Rg8]}) 19. Bc3
Be7 20. Nf1 $1 Qc7 21. Ne3 Red8 22. g3 $16 {[%cal Gg1g2,Ge1h1,Gg3g5] All white
pieces take ideal position for the attack so black tries to get counterchances
on the queenside, but white is ready for this.} b5 $6 23. cxb5 cxb5 24. d5 $1
b4 (24... Nxd5 25. Rxd5 exd5 26. Nxd5 Rxd5 27. Qxd5 Bc5 $8 {[%cal Gc7g3]} 28.
Qxa8 (28. Qe5 $5) 28... Qxg3+ 29. Qg2 Bxf2+ 30. Kf1 Bxe1 31. Bxe1 $18) 25. axb4
axb4 26. d6 $1 {[%csl Ra8]} Bxd6 27. Bxf6 gxf6 28. Rc1 Bc5 (28... Qe7 29. Nd5
$18 {[%cal Ge1e7]}) 29. Qxf6 $18 {[%cal Ge3g4,Gg4h6]} Rac8 30. Rxc5 $1 1-0

[Event "Guillermo Garcia Memorial-A 06th"]
[Site "Santa Clara"]
[Date "1998.05.25"]
[Round "2"]
[White "Becerra Rivero, Julio"]
[Black "Perez Garcia, Rodney Oscar"]
[Result "0-1"]
[WhiteElo "2465"]
[BlackElo "2395"]
[Annotator "Finkel,A"]
[PlyCount "86"]
[EventDate "1998.05.24"]
[EventType "tourn"]
[EventRounds "13"]
[EventCountry "CUB"]
[EventCategory "9"]
[SourceTitle "CBM 066"]
[Source "ChessBase"]
[SourceDate "1998.09.30"]
[SourceVersion "1"]
[SourceVersionDate "1998.09.30"]
[SourceQuality "1"]

1. e4 {Rodriguez,Amador} e6 2. d4 d5 3. Nc3 dxe4 4. Nxe4 Be7 5. Nf3 Nd7 6. Bd3
Ngf6 {Rodriguez: This quiet french variation is a specialty of GM Jesus
Nogueiras who has been long assisted by IM Rodney Pérez, so do not be
surprised that he plays the same variation often!} 7. Qe2 c5 8. Nxf6+ (8. Nxc5
Bxc5 9. dxc5 Nxc5 10. Bc4 Qc7 (10... O-O 11. O-O b6 12. b3 Bb7 13. Bb2 Qc7 14.
Ne5 Rad8 15. Ng4 Nd5 16. Be5 Qe7 17. Ne3 f6 {1/2-1/2 Martinovic,S-Marjanovic,M/
JUG-chT 1997}) 11. O-O a6 12. a4 b6 13. Qe5 Qxe5 14. Nxe5 Bb7 15. Be3 Rc8 $11 {
Fedorowicz,J-Yermolinsky,A/USA-ch m 1991 (41)}) 8... Bxf6 (8... Nxf6 9. dxc5 $5
(9. Bg5 cxd4 10. O-O-O Bd7 11. Bb5 O-O 12. Rxd4 Bxb5 13. Qxb5 Qe8 $11 {
Tseitlin,M-Egger,T/Krumbach op 1991 (30)}) 9... Qa5+ 10. c3 Qxc5 11. Bg5 a6 12.
O-O Bd7 13. Ne5 Rd8 14. Rad1 $14 {Zakic,S-Marjanov,Z/Nis op 1993/1/2-1/2 (62)})
9. d5 $5 (9. c3 cxd4 10. cxd4 Nb6 11. O-O Nd5 12. Ne5 (12. Qe4 $5 Bd7 13. Ne5
Bxe5 14. dxe5 Qb6 15. a4 Bc6 16. Qh4 $14 {Kaiumov,D-Klochko,R/Vladivostok2 op
1995/1/2-1/2 (51)}) 12... Bxe5 13. dxe5 Bd7 14. Qg4 Kf8 15. Re1 h5 16. Qd4 $6 (
16. Qg3 $14) 16... Qb6 17. Qxb6 axb6 18. a3 Bc6 $11 {1/2-1/2 Vitinik,M-Klochko,
R/Vladivostok2 op 1995}) 9... Nb6 (9... e5 $6 10. h4 Qe7 11. Bg5 h6 12. Bxf6
Nxf6 13. d6 $1 Qxd6 14. O-O-O Qe7 15. Nxe5 $16 {Horvath,T-Cigan,S/AUT-chT2S
1995 (30)}) 10. Bb5+ Kf8 11. dxe6 Bxe6 {Over the years there has been a debate
about this position going on at this tradicional tournament, so you will find
games included from previous versions of it.} 12. O-O (12. a4 $5 a6 13. Bd3 Qc7
14. O-O Re8 15. a5 Nd7 16. Re1 Re7 17. Qe4 $14 {Timman,J-Granda Zuniga,J/
Donner mem 1995 (47)} (17. Qe4 {Rodriguez} c4 18. Bf1 Nc5 19. Qf4 Qxf4 20. Bxf4
Rd7 21. Be3 Rc7 22. Bf4 Rc8 23. Bd6+ Kg8 24. Ne5 h5 25. Nxc4 Bxc4 26. Bxc4 Bxb2
27. Rad1 $16 {Timman,J-Granda Zuniga,J/Amsterdam 1995})) (12. Bd3 {Rodriguez}
Qc7 13. O-O Re8 14. Qd1 Rd8 15. Qe1 Bd5 16. Ng5 Re8 $15 {Boudy,J-Sieiro
Gonzalez,L/Capablanca mem-D 1993}) 12... h6 $5 {[%cal Gg7g6,Gf8g7,Gh8e8]} (
12... Qc7 {Rodriguez} 13. a4 a6 14. a5 Nd5 15. Bc4 Re8 16. Qe4 $1 Qc6 17. Ne5
Bxe5 18. Qxe5 Nf6 $14 {Herrera,I-Perez,R/Santa Clara 1996}) 13. Bd3 $146 (13.
c3 $5 g6 (13... c4 $6 14. Rd1 Qc7 15. Be3 Rc8 16. Bxb6 axb6 17. Nd4 $16) 14.
Bf4 Kg7 15. Rad1 Qc8 16. Be5 $5 $14) (13. Rd1 {Rodriguez} Qc7 14. a4 g5 15. a5
Nd5 $13 {0-1 Huzman,A-Seirawan,Y/Amsterdam 1995/CBM 49}) (13. Ne5 $5 {Rodriguez
} a6 14. Bd3 Qd6 15. Bf4 Qd4 16. Ng6+ fxg6 17. Qxe6 Qxf4 18. Qxb6 $16 {de la
Paz,F-Perez,R/Santa Clara 1996}) 13... c4 14. Be4 Qc7 $1 {Taking under control
square f4.} 15. c3 Re8 {Preparing g6 Rodriguez: There were some promising
alternatives for White as can be seen from the games included, but Becerra,
who knew for sure that he would face this line, came up with a non impressive
setup.} (15... g6 $2 16. Bxg6 $16) 16. Qc2 g6 17. Be3 Kg7 $11 {Black has
compleated development and has fully equalized the position.} 18. Rad1 (18.
Rfe1 Bd5 $1 (18... Nd5 $6 19. Bd4 Bxd4 20. Nxd4 $14) 19. Bxb6 (19. Bxd5 Nxd5
20. Bd4 Bxd4 21. Nxd4 $11) 19... Bxe4 20. Rxe4 axb6 21. Rae1 Rxe4 22. Qxe4 Rd8
$11) 18... Rd8 19. Qc1 (19. Bd4 $5) 19... Nd5 20. Nd4 (20. Bd4 Bxd4 21. Nxd4
Bg4 22. Rd2 Rhe8 23. f3 Bc8 $11) 20... Bg4 21. Nb5 $5 Qa5 22. Rxd5 Rxd5 23.
Bxd5 Qxb5 24. Be4 b6 {After changing the couple of pieces the situation on the
board didn't change much-it remained balanced till the mistake of white on the
41 move.} 25. h3 Bf5 26. a4 (26. Bxf5 Qxf5 27. Rd1 h5 28. Bd4 Rd8 $11) 26...
Qxa4 (26... Qa5 $5) 27. Bxf5 gxf5 28. Rd1 Qc6 29. Bf4 Qe4 (29... b5 30. Qe3 Qe4
31. Ra1 Qxe3 32. Bxe3 b4 33. Rxa7 bxc3 34. bxc3 Bxc3 35. Rc7 $11) 30. Re1 Qd5
31. Rd1 Qe4 32. f3 (32. Re1 $11) (32. Re1 $44 {Rodriguez}) 32... Qe7 33. Rd5
Bg5 (33... Qe6 {Rodriguez}) 34. Rxf5 f6 35. Rd5 Rd8 36. Rxd8 Qxd8 37. h4 Bxh4
38. Bxh6+ Kg6 39. Bf4 Qd3 40. Qa1 $6 (40. g3 {Rodriguez} Bg5 41. Bxg5 fxg5 42.
Kf2 $11) 40... Qc2 $1 {[%csl Rg1]} 41. Qxa7 $4 {Giving up the fight!It was
nessassary to play} (41. g3 $1 Bg5 42. Bxg5 Kxg5 43. Qf1 $1 b5 44. Qf2 $11 {
with equal position.}) (41. Be3 {Rodriguez} Bg3 42. Qc1 Qe2 43. Bf4 $15) 41...
Bf2+ $1 $19 42. Kf1 (42. Kh2 Qf5 $1 43. g3 Qb1 $1 $19) 42... Bc5 43. Bg3 $6 {
Losing on the spot.It was still possible to put up some resistanse after} (43.
Ke1 Qf2+ 44. Kd1 Qf1+ 45. Kc2 Qxg2+ 46. Bd2 Qxf3 $19 {,but it probably woudn't
change the outcome of the game.}) 43... Qd1+ 0-1

[Event "FIDE-Wch k.o."]
[Site "Tripoli"]
[Date "2004.06.27"]
[Round "4.4"]
[White "Dominguez Perez, Leinier"]
[Black "Dreev, Alexey"]
[Result "1-0"]
[WhiteElo "2612"]
[BlackElo "2689"]
[Annotator "Finkel,A"]
[PlyCount "69"]
[EventDate "2004.06.19"]
[EventType "k.o."]
[EventRounds "7"]
[EventCountry "LBY"]
[SourceTitle "CBM 102"]
[Source "ChessBase"]
[SourceDate "2004.09.23"]
[SourceVersion "1"]
[SourceVersionDate "2004.09.23"]
[SourceQuality "1"]

1. e4 e6 2. d4 d5 3. Nc3 dxe4 4. Nxe4 Nd7 5. g3 {Quite poisonous continuation
promising white a small, but a long lasting edge.} b6 6. Bg2 Rb8 7. Nf3 (7. Ne2
Bb7 8. O-O (8. Nf4 Ngf6 9. Nxf6+ Nxf6 10. Bxb7 Rxb7 11. Qf3 Rb8 12. Be3 Bd6 $13
{Sulskis,S-Rahman,Z/Bled 2002}) 8... Ngf6 9. N2c3 Nxe4 10. Nxe4 Be7 11. Qg4 g6
12. Qe2 O-O 13. Rd1 Qc8 14. c4 $14 {Solozhenkin,E-Zakharevich,I/Elista 1996})
7... Bb7 8. Qe2 Ngf6 9. Nxf6+ Nxf6 (9... Qxf6 10. O-O Bd6 11. Rd1 O-O 12. Be3
e5 13. dxe5 Nxe5 14. Nxe5 Bxe5 15. c3 Bxg2 16. Kxg2 Rfd8 $11 {Bezgodov,
A-Zakharevich,I/Moscow 2000}) 10. O-O Be7 11. Rd1 (11. c4 O-O 12. Ne5 Bxg2 13.
Kxg2 Qe8 14. Qf3 b5 15. b3 Rb6 16. Be3 $16 {Chandler,M-Pert,N/London 2000})
11... O-O 12. c4 Nd7 $6 {Careless move after which black faces certain
difficulties. Better was} (12... Rc8 13. b3 (13. Bf4 Bd6 14. Ne5 Bxg2 15. Kxg2
c6 16. Qf3 Qc7 $11) 13... Qe8 14. Bb2 c5 15. dxc5 $14) 13. Bf4 Bd6 14. Ne5 $14
{Now black is forced to trade the knight otherwise it will penitrate to c6.}
Bxg2 15. Kxg2 Bxe5 16. dxe5 Qe7 17. Rd2 Rfd8 $6 {Dreev doesn't feel the danger.
The pin over the d-file proves to be lethal for black. The last chance to
change the course of the game was} (17... h6 18. Rad1 Rfd8 19. Qg4 (19. Qd3 $2
g5 20. Qa3 (20. Be3 Nxe5 21. Qxd8+ Rxd8 22. Rxd8+ Kh7 $17 {[%cal Gc7c5,Ge7b7]})
20... Qe8 21. Qxa7 Nc5 22. Rxd8 Rxd8 23. Rxd8 Qxd8 24. Be3 Nd3 $15) 19... Kh7
20. Qh4 f6 $14 {with worse, but defendable position.}) 18. Qg4 Qe8 $2 (18...
Qf8 19. Rad1 Nc5 20. b4 Rxd2 21. Rxd2 Nb7 22. Rd7 Qxb4 23. Bh6 Qf8 24. Rxc7 Na5
$16) 19. Bh6 g6 20. Qf4 $18 f6 $8 21. exf6 e5 22. f7+ $1 Qxf7 23. Qxf7+ Kxf7
24. Rad1 Ke6 25. Bg5 a5 26. a4 Ra8 27. f4 h6 28. Bxd8 Rxd8 29. fxe5 Ke7 30. g4
Ke6 31. h4 Ke7 32. e6 Kxe6 33. Re2+ Kf7 34. Rf1+ Kg8 35. Rd2 1-0

[Event "ARG-ch"]
[Site "Buenos Aires"]
[Date "1998.04.22"]
[Round "7"]
[White "Ginzburg, Maximiliano"]
[Black "Hoffman, Alejandro"]
[Result "0-1"]
[WhiteElo "2470"]
[BlackElo "2510"]
[Annotator "Finkel,A"]
[PlyCount "82"]
[EventDate "1998.04.15"]
[EventType "tourn"]
[EventRounds "15"]
[EventCountry "ARG"]
[EventCategory "9"]
[SourceTitle "CBM 065"]
[Source "ChessBase"]
[SourceDate "1998.08.06"]
[SourceVersion "1"]
[SourceVersionDate "1998.08.06"]
[SourceQuality "1"]

{[%mdl 2752]} 1. e4 e6 2. d4 d5 3. Nc3 dxe4 4. Nxe4 Nd7 5. Nf3 Ngf6 6. Nxf6+
Nxf6 7. Bd3 c5 8. dxc5 Bxc5 9. O-O O-O 10. Bg5 b6 (10... Qc7 $5 11. Qe2 b6 12.
Bxf6 gxf6 13. Bxh7+ $5 Kxh7 14. Qe4+ Kg7 15. Qg4+ Kh7 16. Qh5+ Kg7 17. Qg4+ {
1/2-1/2 Kholmov,R-Pushkov,N/Azov 1993}) 11. Qe2 Bb7 (11... Be7 $4 12. Bxf6 Bxf6
13. Qe4 {1-0 Odeh,K-Moloney,N/Lloyds Bank op 1994}) 12. Rad1 Qc7 (12... Qe7 $5
13. Nd2 h6 14. Bh4 Rad8 $13 {Kirnos,K-Pater,E/EU-chJW U16 1993/1/2-1/2 (56)})
13. Ne5 (13. Bxf6 $5 gxf6 14. Be4 Rad8 15. Bxb7 Qxb7 16. Nd2 f5 $5 (16... Be7
17. Ne4 Rxd1 18. Rxd1 Rd8 19. Rxd8+ Bxd8 20. Qd3 $14 {Reshevsky,S-Woliston,P/
USA-ch 1940 (45)}) 17. Qh5 Bd4 $1 18. Nf3 Bg7 19. c3 Qe7 $132 {Ferguson,
M-Kacheishvili,G/WchJM-U18 1995 (63)}) (13. c4 $5 h6 14. Bxf6 gxf6 15. Be4 Rad8
16. b3 $6 (16. Bxb7 Qxb7 17. Rxd8 Rxd8 18. Rd1 $11) 16... Bc8 $1 17. Rxd8 Rxd8
18. Rd1 f5 19. Bc2 Bb7 $15 {Borocz,I-Shaked,T/Budapest FS06 GM 1997/0-1 (55)})
13... Rfd8 (13... Nd5 $6 14. c4 Ne3 $2 15. Bxh7+ $1 Kxh7 16. Qh5+ Kg8 17. Bxe3
$16 {Herrera,I-Nogueiras,J/CUB-ch 1996 (22)}) 14. Kh1 $6 (14. Bxf6 gxf6 15.
Qg4+ Kf8 (15... Kh8 $2 16. Qh5 Rxd3 $8 17. Nxf7+ $1 (17. Nxd3 Rg8 18. Ne1 $8
Ba6 19. Qh4 Be7 20. c3 $11 (20. Nd3 Qxc2 21. Qd4 Rd8 22. Nb4 Qc8 $17)) 17...
Kg7 18. Rxd3 Qxf7 19. Qxf7+ Kxf7 20. Rd7+ $18) 16. Nc4 Ke7 $36 {[%cal Gd8g8]})
14... h6 15. Bh4 Bd4 $5 16. f4 Bxb2 17. Bxf6 gxf6 18. Nc4 (18. Ng4 $6 f5 (18...
Kg7 19. f5 e5 20. Qe3 Rh8 21. Qg3 $132) 19. Nxh6+ Kg7 20. Qh5 Bf6 $17 {[%csl
Rh6]}) 18... Bc3 19. f5 (19. Qg4+ Kf8 20. Qh5 Ke7 $17 {[%cal Gd8g8]}) 19... Rd4
$5 {Starting the attack on the white king.The strength of black bishops is
huge.} (19... e5 $5 20. Be4 Bxe4 21. Qxe4 Rac8 $17) 20. fxe6 Rh4 21. Nd6 $8 Be5
(21... Qxd6 $2 22. Bh7+ $18 {[%cal Gd1d6]}) 22. exf7+ Kf8 23. Nxb7 Rxh2+ 24.
Kg1 Bd4+ $1 25. Rf2 Qg3 $1 {[%cal Rg3g2]} 26. Qe8+ $8 (26. Be4 Qh4 $1 $19 {
[%cal Gh2h1]}) 26... Rxe8 27. fxe8=Q+ Kxe8 28. Bb5+ Kf8 29. Rxd4 Rxg2+ $1 30.
Rxg2 Qe3+ 31. Rf2 Qxd4 $17 {[%csl Rb7][%cal Gh6h1,Rd4d5] Final move of the
combination started with 19...Rd4. Bad coordination between white pieces gives
black good chances to win the game.} 32. Bc6 $8 h5 33. Kg2 Qg4+ 34. Kh1 Qh3+
35. Kg1 h4 36. Rf3 Qe6 $19 37. Nd8 Qe1+ 38. Rf1 Qg3+ 39. Kh1 Qh3+ 40. Kg1 Qg3+
41. Kh1 Qd6 {[%csl Rc6,Rd8]} 0-1